Normal view
MARC view
Entry Personal Name
001 - CONTROL NUMBER
- control field: 7836
003 - CONTROL NUMBER IDENTIFIER
- control field: OSt
005 - DATE AND TIME OF LATEST TRANSACTION
- control field: 20160413172012.0
008 - FIXED-LENGTH DATA ELEMENTS
- fixed length control field: 160413|| aca||aabn | a|a d
040 ## - CATALOGING SOURCE
- Original cataloging agency: OSt
- Transcribing agency: OSt
100 ## - HEADING--PERSONAL NAME
- Personal name: Friedenberg, Jay; Silverman, Gordon
670 ## - SOURCE DATA FOUND
- Source citation: Work cat.: (OSt): Friedenberg, Jay; Silverman, Gordon, Cognitive Science: an introduction to the study of mind
